Communautés autonomes d’Espagne - Statistiques

Statistiques générales
  • Ce quiz a été pris 118 fois
  • Le résultat moyen est 9 sur 19
Statistiques - réponses
Population (2021) Réponse % Correct
8 500 808 Andalousie
82%
7 660 530 Catalogne
76%
2 177 654 Pays basque
65%
1 313 465 Aragon
56%
1 008 897 Asturies
56%
2 691 213 Galice
56%
2 246 370 Îles Canaries
56%
2 379 530 Castille-et-León
54%
2 047 722 Castille-La Manche
54%
656 836 Navarre
53%
6 736 407 Communauté de Madrid
48%
1 219 404 Îles Baléares
46%
1 054 779 Estrémadure
43%
5 051 250 Communauté valencienne
42%
315 811 La Rioja
42%
583 684 Cantabrie
39%
82 787 Ceuta
29%
83 489 Melilla
29%
1 516 055 Région de Murcie
19%
Aucun quiz correspondant
Distribution des résultats
% des personnes avec chaque résultat
Percentile par nombre de réponses
Votre historique - résultats
Vous n’avez pas pris ce quiz